| 000 | 01166nam0a22002531 4500 | ||
|---|---|---|---|
| 001 | rc\636295 | ||
| 005 | 20260407153330.0 | ||
| 035 | _a(NLR Aleph) 005878130 | ||
| 090 |
_a6049647 _c6049647 |
||
| 100 | _a20031121d1986 |||y0rusy50 ca | ||
| 101 | 0 | _arus | |
| 102 | _aRU | ||
| 105 | _ay ||||||||| | ||
| 200 | 1 |
_aПригласительный билет, программа и краткие тезисы докладов X Научно-технической конференции молодых ученых и специалистов _fМ-во высш. и сред. спец. образования РСФСР... |
|
| 210 |
_aМ. _cБ. и. _d1986 |
||
| 215 |
_a30 с. _d20 |
||
| 333 | _aДСП. Экз. № 000198 | ||
| 710 | 0 | 2 |
_aМосковский авиационный технологический институт им. К. Э. Циолковского _bНаучно-техническая конференция молодых ученых и специалистов _d10 _f1986 _9689142 _3RU\NLR\AUTH\8810093979 |
| 801 | 0 |
_aRU _bNLR _gpsbo |
|
| 801 | 1 |
_aRU _bELAR _2rusmarc |
|
| 852 |
_aNLR _j87-50К/5187 |
||
| 942 | _cBOOK | ||
| 980 | _aNB | ||